• 首页
  • 本馆介绍
  • 公告通知
  • 最新文献
  • 馆藏检索
  • 电子资源
  • 读者导购
  • 参考咨询
  • 我的图书馆
  • 登录
  • 详细信息显示
  • 放入我的书架
  • 预约/预借图书
  • 作者相关作品
  • 分类相关作品
  • 丛书相关作品
  • 出版社相关作品

书目信息

  • 表格格式
  • 工作单格式
  • 卡片格式
题名:
插画技法教程
    
 
作者: 刘璞 , 王娟 , 徐琼 , 王娜 主编
分册:  
出版信息: 武汉   华中科技大学出版社  2020.8
页数: 153页
开本: 29cm
丛书名: 高等院校艺术学门类“十三五”规划教材
单 册:
中图分类: J218.5
科图分类:
主题词: 插图--绘画技法--高等学校--教材
电子资源:
ISBN: 978-7-5680-0205-9
000 01296nam 2200337 45
001 012001001025
005 20130910125128.0
010    @a978-7-5680-0205-9@dCNY49.00
099    @aCAL 012014092845
100    @a20140721d2014 em y0chiy0110 ea
101 0  @achi
102    @aCN@b420000
105    @aa a 000yy
106    @ar
200 1  @a插画技法教程@Acha hua ji fa jiao cheng@f主编刘璞 ... [等]
210    @a武汉@c华中科技大学出版社@d2020.8
215    @a153页@c图 (部分彩图)@d29cm
225 2  @a高等院校艺术学门类“十三五”规划教材@Agao deng yuan xiao yi shu xue men lei “ shi san wu ” gui hua jiao cai@i视觉传达设计类
304    @a题名页题其余责任者: 王娟, 徐琼, 王娜
320    @a有书目 (第153页)
330    @a本书包括插画概述、插画基础、插画角色塑造、插画场景表现、插画创作。本书综合了手绘技法和CG技法, 兼具卡通风格与写实风格, 将插画基础知识、制作方法与商业创作融为一体, 具有较强的操作性。
461  0 @12001 @a高等院校艺术学门类“十三五”规划教材
462  0 @12001 @a视觉传达设计类
606 0  @a插图@x绘画技法@x高等学校@j教材
690    @aJ218.5@v5
701  0 @a刘璞@Aliu pu@4主编
701  0 @a王娟@Awang juan@4主编
701  0 @a徐琼@Axu qiong@4主编
701  0 @a王娜@Awang na@4主编
801    @aCN@b江苏凤凰@c20211018
905    @b1341917-20@dJ218.5@e1289@f4
    
    插画技法教程/主编刘璞 ... [等].-武汉:华中科技大学出版社,2020.8
    153页:图 (部分彩图);29cm.-(高等院校艺术学门类“十三五”规划教材.视觉传达设计类)
    
    
    ISBN 978-7-5680-0205-9:CNY49.00
    本书包括插画概述、插画基础、插画角色塑造、插画场景表现、插画创作。本书综合了手绘技法和CG技法, 兼具卡通风格与写实风格, 将插画基础知识、制作方法与商业创作融为一体, 具有较强的操作性。
●
相关链接 在E读中查询图书 在五车中查询图书 在当当中查询图书 在豆瓣中查询图书


正题名:插画技法教程     索取号:J218.5/1289         预约/预借

序号 登录号 条形码 馆藏地/架位号 状态 备注
1 1341917   213419175   第一样本阅览室/ [索取号:J218.5/1289] 在馆    
2 1341918   213419184   第一借阅区/ [索取号:J218.5/1289] 在馆    
3 1341919   213419193   第一借阅区/ [索取号:J218.5/1289] 在馆    
4 1341920   213419200   第一借阅区/ [索取号:J218.5/1289] 在馆    
唐山师范学院图书馆 欢迎您!
大连网信软件有限公司© 版权所有